| 000 | 00412nam a2200145 i 4500 | ||
|---|---|---|---|
| 001 | 43351 | ||
| 003 | ES-MaACL | ||
| 005 | 20230906160757.0 | ||
| 007 | t| | ||
| 008 | 030317s1973 sp ||||1| lat d | ||
| 245 | 0 | 0 |
_aCatalogus Provinciae Legionensis _b: Societatis Jesu : Ineunte anno MCMLXXIV. |
| 260 |
_aLeón : _b[s.n.], _c1973. |
||
| 300 |
_a99 p. : _bil. ; _c21 cm. |
||
| 852 |
_aES-MaACL _jC-56012 _bR.88647 |
||
| 999 |
_c43351 _d43351 |
||